书目信息 |
| 题名: |
中国关税史
|
|
| 作者: | 陈向元 著 | |
| 分册: | ||
| 出版信息: | 郑州 河南人民出版社 2018.6 |
|
| 页数: | 14,326页 | |
| 开本: | 24cm | |
| 丛书名: | 专题史丛书 | |
| 单 册: | ||
| 中图分类: | F752.59 | |
| 科图分类: | ||
| 主题词: | 关税--guan shui--经济史--中国 | |
| 电子资源: | ||
| ISBN: | 978-7-215-11518-7 | |
| 000 | 00882oam2 2200253 450 | |
| 001 | 2158001510 | |
| 005 | 20211011172911.0 | |
| 010 | @a978-7-215-11518-7@b精装@dCNY176.00 | |
| 100 | @a20180711e2018 em y0chiy0120 ea | |
| 101 | 0 | @achi |
| 102 | @aCN@b410000 | |
| 105 | @ay z 000yy | |
| 106 | @ar | |
| 200 | 1 | @a中国关税史@Azhong guo guan shui shi@e影印本@f陈向元著 |
| 210 | @a郑州@c河南人民出版社@d2018.6 | |
| 215 | @a14,326页@d24cm | |
| 225 | 2 | @a专题史丛书@Azhuan ti shi cong shu@f周蓓主编 |
| 330 | @a本书共分为5章,主要叙述中外通商开始与古代关税、武力压迫下之海关新制度、列国侵略锐进与关税变迁、民国肇基与参战前后之关税、关税特别会议与列国态度等问题。 | |
| 461 | 0 | @12001 @a专题史丛书 |
| 606 | 0 | @a关税@Aguan shui@x经济史@y中国 |
| 690 | @aF752.59@v5 | |
| 701 | 0 | @a陈向元@Achen xiang yuan@4著 |
| 801 | 0 | @aCN@b百万庄@c20211007 |
| 905 | @b1306265-68@dF752.59@e64@f4 | |
| 中国关税史:影印本/陈向元著.-郑州:河南人民出版社,2018.6 |
| 14,326页;24cm.-(专题史丛书/周蓓主编) |
| ISBN 978-7-215-11518-7(精装):CNY176.00 |
| 本书共分为5章,主要叙述中外通商开始与古代关税、武力压迫下之海关新制度、列国侵略锐进与关税变迁、民国肇基与参战前后之关税、关税特别会议与列国态度等问题。 |
| ● |
| 相关链接 |
|
|
|
|
正题名:中国关税史
索取号:F752.59/64
 
预约/预借
| 序号 | 登录号 | 条形码 | 馆藏地/架位号 | 状态 | 备注 |
| 1 | 1306265 | 213062656 | 第一样本阅览室/ [索取号:F752.59/64] | 在馆 | |
| 2 | 1306266 | 213062665 | 第一借阅区/ [索取号:F752.59/64] | 在馆 | |
| 3 | 1306267 | 213062674 | 第一借阅区/ [索取号:F752.59/64] | 在馆 | |
| 4 | 1306268 | 213062683 | 第一借阅区/ [索取号:F752.59/64] | 在馆 |